[Event "MCRE_PF19"]
[Site "?"]
[Date "2004.??.??"]
[Round "?"]
[White "Postl, Rostislav"]
[Black "Binas, Jindrich"]
[Result "1-0"]
[WhiteElo "2309"]
[BlackElo "2175"]
[PlyCount "57"]
[EventDate "2004.??.??"]
[EventType "corr"]
[EventRounds "2"]
[SourceDate "2005.03.12"]

1. e4 c5 2. Nf3 Nc6 3. d4 cxd4 4. Nxd4 Nf6 5. Nc3 e5 6. Ndb5 d6 7. Nd5 Nxd5 8.
exd5 Nb8 9. Be3 Be7 10. Be2 a6 11. Nc3 O-O 12. O-O f5 13. f3 Nd7 14. Qd2 b5 15.
b4 f4 16. Bf2 Bh4 17. Bxh4 Qxh4 18. Ne4 Nf6 19. Nxd6 Rd8 20. Nxc8 Raxc8 21. c4
bxc4 22. Rac1 Rxd5 23. Qb2 Kh8 24. Bxc4 Rd4 25. Bxa6 Rcd8 26. Qe2 e4 27. Rfd1
Rxd1+ 28. Rxd1 Re8 29. a4 1-0

[Event "MCRE_PF19"]
[Site "?"]
[Date "2004.??.??"]
[Round "?"]
[White "Postl, Rostislav"]
[Black "Jerabek, Zdenek"]
[Result "1-0"]
[WhiteElo "2309"]
[BlackElo "2221"]
[PlyCount "59"]
[EventDate "2004.??.??"]
[EventType "corr"]
[EventRounds "2"]
[SourceDate "2005.03.12"]

1. e4 c5 2. Nf3 d6 3. d4 cxd4 4. Nxd4 Nf6 5. Nc3 a6 6. Be2 e6 7. O-O b5 8. Bf3
Ra7 9. a4 b4 10. Na2 d5 11. exd5 Nxd5 12. c4 Ne7 13. Bf4 Rd7 14. Qe1 Rxd4 15.
Bxb8 b3 16. Nc1 Rxc4 17. Nxb3 Bd7 18. Qe2 Rb4 19. Nc5 Rxb8 20. Rfd1 Nd5 21.
Nxd7 Qxd7 22. Rxd5 Qc7 23. Rdd1 Be7 24. Rac1 Qa5 25. Bc6+ Kf8 26. Bb7 Qxa4 27.
Qe5 Qe8 28. Bc6 Qc8 29. Ba4 Qb7 30. Rc7 1-0

[Event "MCRE_PF19"]
[Site "?"]
[Date "2004.??.??"]
[Round "?"]
[White "Postl, Rostislav"]
[Black "Milos, Vladislav"]
[Result "1-0"]
[WhiteElo "2309"]
[BlackElo "2148"]
[PlyCount "83"]
[EventDate "2004.??.??"]
[EventType "corr"]
[EventRounds "2"]
[SourceDate "2005.03.12"]

1. e4 c5 2. Nf3 d6 3. d4 cxd4 4. Nxd4 Nf6 5. Nc3 a6 6. Be3 e5 7. Nb3 Be6 8. f3
Be7 9. Qd2 Nbd7 10. Bd3 O-O 11. O-O Qc7 12. a4 Rfc8 13. a5 Qc6 14. Rfd1 Nf8 15.
Na4 N8d7 16. Nc3 Nf8 17. Bf1 Ng6 18. Nc1 Qc7 19. Bb6 Qd7 20. Nd3 Rc4 21. Be3 h6
22. b3 Rc6 23. Nb4 Rc7 24. Na4 Qe8 25. c4 Nd7 26. Nc3 Nf6 27. Be2 Rac8 28. Nbd5
Bxd5 29. exd5 Nd7 30. Bd3 Nc5 31. Bxc5 Rxc5 32. Bf5 Ra8 33. Ne4 Rc7 34. g3 Qd8
35. c5 Rb8 36. Kh1 Bf8 37. Qd3 Be7 38. b4 Nf8 39. Qe3 Bg5 40. f4 exf4 41. gxf4
Be7 42. Qd4 1-0

[Event "MCRE_PF19"]
[Site "?"]
[Date "2004.??.??"]
[Round "?"]
[White "Postl, Rostislav"]
[Black "Strnad, Jiri"]
[Result "1-0"]
[WhiteElo "2309"]
[BlackElo "2228"]
[PlyCount "115"]
[EventDate "2004.??.??"]
[EventType "corr"]
[EventRounds "2"]
[SourceDate "2005.03.12"]

1. e4 c5 2. Nf3 Nc6 3. Bb5 e6 4. O-O Nge7 5. c3 a6 6. Ba4 b5 7. Bc2 Bb7 8. d4
cxd4 9. cxd4 Nb4 10. d5 Nxc2 11. Qxc2 Rc8 12. Qd3 f5 13. Nbd2 fxe4 14. Nxe4
Nxd5 15. Bg5 Nf6 16. Bxf6 gxf6 17. Rad1 d5 18. Qe3 e5 19. Rfe1 Rg8 20. Nh4 Rg4
21. Qh3 Rxe4 22. Rxe4 dxe4 23. Rxd8+ Kxd8 24. Qe3 Rc2 25. Nf5 Kc7 26. Qe1 Kb6
27. Qb1 Rd2 28. Ne3 Bc6 29. a4 Rd7 30. axb5 axb5 31. h4 Bc5 32. b4 Bf8 33. Qb3
Kb7 34. h5 Bh6 35. Qg8 Bg5 36. Qf8 h6 37. Kh2 Rd2 38. Qe7+ Bd7 39. Kg1 Bh4 40.
g3 Bg5 41. Nf5 Kc7 42. Qc5+ Bc6 43. Ne7 Rd6 44. Kh2 Kd7 45. Nf5 Rd2 46. Qe7+
Kc8 47. Nd6+ Rxd6 48. Qxd6 Kb7 49. Kg1 Kb6 50. Qb8+ Bb7 51. Qf8 Bc6 52. Qc8 e3
53. f4 exf4 54. Qb8+ Bb7 55. Qd8+ Kc6 56. gxf4 Bxf4 57. Qxf6+ Bd6 58. Qxh6 1-0

[Event "MCRE_PF19"]
[Site "?"]
[Date "2004.??.??"]
[Round "?"]
[White "Postl, Rostislav"]
[Black "Svrsek, Radomir"]
[Result "1-0"]
[WhiteElo "2309"]
[BlackElo "2194"]
[PlyCount "43"]
[EventDate "2004.??.??"]
[EventType "corr"]
[EventRounds "2"]
[SourceDate "2005.03.12"]

1. e4 c5 2. Nf3 Nc6 3. Bb5 Nf6 4. e5 Nd5 5. O-O g6 6. Nc3 Nc7 7. Re1 Nxb5 8.
Nxb5 Bg7 9. d4 Qb6 10. Nd6+ exd6 11. exd6+ Kf8 12. d5 Nd4 13. Nxd4 cxd4 14. Qe2
Qd8 15. Bg5 d3 16. Qg4 f6 17. Re7 Kg8 18. Rae1 Qf8 19. Bd2 dxc2 20. Re8 b6 21.
Rxf8+ Bxf8 22. Re8 1-0

[Event "MCRE_PF19"]
[Site "?"]
[Date "2004.??.??"]
[Round "?"]
[White "Postl, Rostislav"]
[Black "Tkac, Leopold"]
[Result "1/2-1/2"]
[WhiteElo "2309"]
[BlackElo "2112"]
[PlyCount "89"]
[EventDate "2004.??.??"]
[EventType "corr"]
[EventRounds "2"]
[SourceDate "2005.03.12"]

1. e4 c5 2. Nf3 Nc6 3. Bb5 d6 4. O-O Bg4 5. h3 Bd7 6. Re1 Nf6 7. c3 a6 8. Bxc6
Bxc6 9. d4 Bxe4 10. Bg5 Bc6 11. c4 d5 12. Nc3 dxc4 13. Bxf6 gxf6 14. d5 Bd7 15.
Ne4 Bg7 16. Nd6+ Kf8 17. Nxc4 b5 18. Ne3 f5 19. Qc2 Qc8 20. Rad1 Bf6 21. Nf1
Rg8 22. Qc1 Qc7 23. Qh6+ Bg7 24. Qh5 Bxb2 25. Rxe7 Kxe7 26. d6+ Qxd6 27. Rxd6
Kxd6 28. Ne3 Rg6 29. Nh4 Re8 30. Qxh7 Rf6 31. Nhxf5+ Kc6 32. g4 Bd4 33. Nxd4+
cxd4 34. Nc2 Rd6 35. Qd3 Kb6 36. Qa3 Ree6 37. Nb4 a5 38. Nd3 b4 39. Qc1 Bb5 40.
Qc5+ Ka6 41. Nf4 Rc6 42. Qxd4 Red6 43. Qb2 Rc3 44. Kh2 Rf3 45. Nh5 1/2-1/2

[Event "MCRE_PF19"]
[Site "?"]
[Date "2004.??.??"]
[Round "?"]
[White "Postl, Rostislav"]
[Black "Toman, Antonin"]
[Result "1/2-1/2"]
[WhiteElo "2309"]
[BlackElo "2199"]
[PlyCount "89"]
[EventDate "2004.??.??"]
[EventType "corr"]
[EventRounds "2"]
[SourceDate "2005.03.12"]

1. e4 e5 2. Nf3 Nc6 3. Bc4 Nf6 4. d3 Bc5 5. O-O a6 6. c3 d6 7. b4 Ba7 8. Be3
O-O 9. Bxa7 Rxa7 10. Nbd2 Nh5 11. g3 Ra8 12. a4 Nf6 13. Re1 Bg4 14. a5 Qd7 15.
b5 axb5 16. Bxb5 Qe8 17. d4 Bd7 18. a6 bxa6 19. Bxa6 Qe7 20. Qe2 Rfb8 21. Bc4
h6 22. Qd3 Na5 23. Ba6 Nc6 24. Rab1 Qe8 25. Bc4 Rxb1 26. Rxb1 Ra3 27. Bb3 Ra7
28. dxe5 dxe5 29. Bd5 Ra4 30. Qc2 Ra5 31. Qd3 Nxd5 32. exd5 Ne7 33. c4 f6 34.
Ne4 Qa8 35. Nfd2 Bf5 36. Qc3 Ra2 37. Qb4 Kf7 38. Qc5 Rxd2 39. Nxd2 Bxb1 40.
Nxb1 Qa1 41. Qxc7 Qxb1+ 42. Kg2 Qe4+ 43. Kg1 Qb1+ 44. Kg2 Qe4+ 45. Kg1 1/2-1/2

[Event "MCRE_PF19"]
[Site "?"]
[Date "2004.??.??"]
[Round "?"]
[White "Strnad, Jiri"]
[Black "Milos, Vladislav"]
[Result "1-0"]
[WhiteElo "2225"]
[BlackElo "2148"]
[PlyCount "59"]
[EventDate "2004.??.??"]
[EventType "corr"]
[EventRounds "2"]
[SourceDate "2005.03.12"]

1. d4 Nf6 2. Nf3 e6 3. c4 b6 4. Bf4 Bb7 5. e3 Be7 6. Nc3 Nh5 7. Bg3 O-O 8. Qc2
c5 9. d5 Nxg3 10. hxg3 h6 11. O-O-O Bf6 12. Ne4 Na6 13. Nd6 Qb8 14. Nxb7 Qxb7
15. g4 g6 16. Rxh6 Bg7 17. Rh4 Nb4 18. Qb1 a5 19. a3 Na6 20. d6 Qc6 21. g5 Qc8
22. Bd3 Qe8 23. Rdh1 Nb8 24. Nh2 f5 25. gxf6 Rxf6 26. Ng4 e5 27. Nxf6+ Bxf6 28.
Rh6 Qf7 29. Rxg6+ Kf8 30. Rh7 1-0

[Event "MCRE_PF19"]
[Site "?"]
[Date "2004.??.??"]
[Round "?"]
[White "Svrsek, Radomir"]
[Black "Tkac, Leopold"]
[Result "0-1"]
[WhiteElo "2194"]
[BlackElo "2112"]
[PlyCount "74"]
[EventDate "2004.??.??"]
[EventType "corr"]
[EventRounds "2"]
[SourceDate "2005.03.12"]

1. e4 e5 2. Nf3 Nc6 3. Bc4 Nf6 4. Ng5 d5 5. exd5 Na5 6. Bb5+ c6 7. dxc6 bxc6 8.
Qf3 Be7 9. Bxc6+ Nxc6 10. Qxc6+ Bd7 11. Qc4 O-O 12. Nc3 Rc8 13. Qd3 Bc6 14.
Qxd8 Rfxd8 15. Nf3 e4 16. Ne5 Bb7 17. b3 Ba6 18. Bb2 Bd6 19. f4 exf3 20. Nxf3
Ng4 21. Rg1 Re8+ 22. Kd1 Nxh2 23. Nxh2 Bxh2 24. Rh1 Be5 25. Na4 Bb7 26. Bxe5
Rxe5 27. Re1 Rg5 28. Re7 Bxg2 29. Rxa7 h5 30. d4 Re8 31. Kd2 h4 32. Rc7 h3 33.
Rc5 f5 34. Rc3 h2 35. Nc5 f4 36. a4 Bd5 37. Rh3 Rg2+ 0-1

[Event "MCRE_PF19"]
[Site "?"]
[Date "2004.??.??"]
[Round "?"]
[White "Tkac, Leopold"]
[Black "Postl, Rostislav"]
[Result "1/2-1/2"]
[WhiteElo "2112"]
[BlackElo "2309"]
[PlyCount "79"]
[EventDate "2004.??.??"]
[EventType "corr"]
[EventRounds "2"]
[SourceDate "2005.03.12"]

1. e4 e5 2. Nf3 Nc6 3. Bb5 a6 4. Ba4 Nf6 5. O-O Be7 6. Bxc6 dxc6 7. d3 Qd6 8.
b3 Bg4 9. h3 Bh5 10. Ba3 Qd8 11. Bc1 Nd7 12. Nbd2 Bb4 13. Nc4 Bc3 14. Rb1 Qf6
15. g4 Bg6 16. Kg2 Qe6 17. Ng5 Qe7 18. Nf3 O-O-O 19. Ba3 c5 20. Ne3 Nf8 21. Nd5
Rxd5 22. exd5 h5 23. Rh1 e4 24. Ng1 hxg4 25. hxg4 Rxh1 26. Kxh1 Qh4+ 27. Kg2
Nd7 28. Qe2 Nf6 29. Bc1 Bd4 30. Nh3 Nxg4 31. Bf4 Bf5 32. dxe4 Ne3+ 33. fxe3
Bxh3+ 34. Kh1 Bc3 35. Qh2 Be1 36. Rxe1 Qxe1+ 37. Qg1 Bf1 38. Qg4+ Kb8 39. Qg3
Qxg3 40. Bxg3 1/2-1/2

[Event "MCRE_PF19"]
[Site "?"]
[Date "2004.??.??"]
[Round "?"]
[White "Jerabek, Zdenek"]
[Black "Binas, Jindrich"]
[Result "1/2-1/2"]
[WhiteElo "2221"]
[BlackElo "2175"]
[PlyCount "98"]
[EventDate "2004.??.??"]
[EventType "corr"]
[EventRounds "2"]
[SourceDate "2005.03.12"]

1. e4 c5 2. Nf3 Nc6 3. d4 cxd4 4. Nxd4 Nf6 5. Nc3 e5 6. Ndb5 d6 7. Bg5 a6 8.
Na3 b5 9. Bxf6 gxf6 10. Nd5 f5 11. c3 Bg7 12. exf5 Bxf5 13. Nc2 Be6 14. Nce3
Ne7 15. Be2 Nxd5 16. Nxd5 O-O 17. O-O Rc8 18. a4 e4 19. f3 Bxd5 20. Qxd5 Qb6+
21. Kh1 bxa4 22. Qxe4 Qxb2 23. Bd3 f5 24. Qd5+ Kh8 25. Rxa4 Rxc3 26. Rxa6 Rc1
27. Rxd6 Qd2 28. g3 Rxf1+ 29. Bxf1 Qxd5 30. Rxd5 f4 31. Kg2 h6 32. Bd3 Kg8 33.
Bc4 Kh7 34. Rd7 Kh8 35. Bd3 Kg8 36. Be4 Be5 37. Kh3 Rf6 38. Re7 Bd4 39. Kg4 Kf8
40. Rh7 Be3 41. Kh5 fxg3 42. hxg3 Re6 43. Rd7 Bf2 44. g4 Be3 45. Bf5 Ra6 46.
Rd3 Bf4 47. Rd4 Be3 48. Rd7 Ra5 49. Rd6 Kf7 1/2-1/2

[Event "MCRE_PF19"]
[Site "?"]
[Date "2004.??.??"]
[Round "?"]
[White "Jerabek, Zdenek"]
[Black "Milos, Vladislav"]
[Result "1/2-1/2"]
[WhiteElo "2221"]
[BlackElo "2148"]
[PlyCount "81"]
[EventDate "2004.??.??"]
[EventType "corr"]
[EventRounds "2"]
[SourceDate "2005.03.12"]

1. e4 c5 2. Nf3 d6 3. d4 cxd4 4. Nxd4 Nf6 5. Nc3 Nc6 6. Bg5 e6 7. Bb5 Bd7 8.
O-O Be7 9. Nb3 a6 10. Be2 O-O 11. Bxf6 gxf6 12. f4 Qb6+ 13. Kh1 Kh8 14. Bh5 a5
15. a4 Nd8 16. Bg4 Rg8 17. Nd5 exd5 18. Bxd7 dxe4 19. Qd5 Qc7 20. Bf5 Qxc2 21.
Bxe4 Qxb2 22. Nxa5 Qb4 23. Nxb7 Rxa4 24. Rxa4 Qxa4 25. Nxd6 Bxd6 26. Qxd6 Qxe4
27. Qxf6+ Rg7 28. Qxd8+ Rg8 29. Qf6+ Rg7 30. Rg1 Qb7 31. Qd8+ Rg8 32. Qd4+ Rg7
33. h3 Qc6 34. Kh2 Qc2 35. Qd8+ Rg8 36. Qd5 f6 37. Qf3 Qd2 38. Rb1 Rg6 39. Rb5
Rg8 40. Rd5 Qc2 41. Rd4 1/2-1/2

[Event "MCRE_PF19"]
[Site "?"]
[Date "2004.??.??"]
[Round "?"]
[White "Jerabek, Zdenek"]
[Black "Svrsek, Radomir"]
[Result "1/2-1/2"]
[WhiteElo "2221"]
[BlackElo "2194"]
[PlyCount "111"]
[EventDate "2004.??.??"]
[EventType "corr"]
[EventRounds "2"]
[SourceDate "2005.03.12"]

1. e4 e5 2. Nf3 Nc6 3. Bb5 a6 4. Ba4 Nf6 5. O-O Nxe4 6. d4 b5 7. Bb3 d5 8. dxe5
Be6 9. Be3 Be7 10. c3 Qd7 11. Nbd2 O-O 12. Re1 f5 13. exf6 Nxf6 14. Ng5 Bf5 15.
Nde4 Rad8 16. Ng3 Ng4 17. Qd2 Na5 18. h3 Ne5 19. Nxf5 Rxf5 20. Bc2 Nac4 21.
Bxf5 Qxf5 22. Qe2 Bxg5 23. Bxg5 Qxg5 24. f4 Qxf4 25. b3 Qf7 26. bxc4 Nxc4 27.
Qe6 Nd6 28. Qxf7+ Kxf7 29. Re5 c6 30. Rf1+ Kg8 31. Re7 c5 32. Rc7 c4 33. a3 Re8
34. Rd7 Ne4 35. Rf3 Nf6 36. Rd6 Re1+ 37. Kh2 a5 38. Rd8+ Re8 39. Rxe8+ Nxe8 40.
Kg3 d4 41. cxd4 b4 42. axb4 axb4 43. Kf2 Nc7 44. Ke2 b3 45. Kd2 Nd5 46. Kc1 c3
47. Kb1 g5 48. Rf5 c2+ 49. Kc1 Nf4 50. Rxg5+ Kh8 51. Rc5 Nd3+ 52. Kd2 Nb4 53.
Kc1 Kg7 54. Rc4 Nd3+ 55. Kd2 Ne1 56. Kc1 1/2-1/2

[Event "MCRE_PF19"]
[Site "?"]
[Date "2004.??.??"]
[Round "?"]
[White "Jerabek, Zdenek"]
[Black "Tkac, Leopold"]
[Result "0-1"]
[WhiteElo "2221"]
[BlackElo "2112"]
[PlyCount "118"]
[EventDate "2004.??.??"]
[EventType "corr"]
[EventRounds "2"]
[SourceDate "2005.03.12"]

1. e4 e5 2. Nf3 Nc6 3. Bb5 a6 4. Ba4 Nf6 5. O-O Be7 6. Re1 b5 7. Bb3 d6 8. c3
O-O 9. h3 Bb7 10. d4 Na5 11. Bc2 c5 12. Nbd2 cxd4 13. cxd4 Re8 14. d5 Nd7 15.
b3 Bc8 16. b4 Nc4 17. a4 Bb7 18. axb5 axb5 19. Rxa8 Bxa8 20. Nxc4 bxc4 21. Nd2
Qc7 22. Qg4 Rf8 23. Qf5 Rb8 24. Nxc4 Rxb4 25. Ne3 g6 26. Qg4 Nf6 27. Qf3 Bb7
28. Ba3 Rd4 29. Rc1 Ba6 30. Kh1 Qb6 31. Rb1 Qc7 32. Bc1 h5 33. Kh2 Nh7 34. Ra1
Ng5 35. Qg3 Nxe4 36. Bxe4 Rxe4 37. Rxa6 Qxc1 38. Rc6 Qd2 39. Rc2 Qd3 40. Rc8+
Kh7 41. Rc7 h4 42. Qf3 Rf4 43. Qd1 Qxd1 44. Nxd1 Bg5 45. g3 hxg3+ 46. fxg3 Rd4
47. Nc3 Bd2 48. Rxf7+ Kg8 49. Rc7 Bxc3 50. Rxc3 Rd2+ 51. Kg1 Kg7 52. h4 Rxd5
53. Kf2 Rc5 54. Ra3 d5 55. g4 d4 56. Ra7+ Kf6 57. Ra6+ Kf7 58. h5 gxh5 59. gxh5
e4 0-1

[Event "MCRE_PF19"]
[Site "?"]
[Date "2004.??.??"]
[Round "?"]
[White "Milos, Vladislav"]
[Black "Jerabek, Zdenek"]
[Result "0-1"]
[WhiteElo "2148"]
[BlackElo "2221"]
[PlyCount "112"]
[EventDate "2004.??.??"]
[EventType "corr"]
[EventRounds "2"]
[SourceDate "2005.03.12"]

1. e4 c5 2. Nf3 d6 3. d4 cxd4 4. Nxd4 Nf6 5. f3 Nc6 6. Nc3 g6 7. Be3 Bg7 8. Qd2
O-O 9. Bc4 Bd7 10. O-O-O Rc8 11. Bb3 Nxd4 12. Bxd4 b5 13. e5 dxe5 14. Bxe5 Bc6
15. Qe3 Qa5 16. Bd4 b4 17. Ne4 Nxe4 18. Bxg7 Kxg7 19. fxe4 Qe5 20. Qxa7 Bxe4
21. Qd4 Qxd4 22. Rxd4 Bxg2 23. Re1 e6 24. Rxb4 Kf6 25. Re2 Bh1 26. Rf4+ Ke7 27.
Rh4 h5 28. Ra4 Ra8 29. Rf4 Rfd8 30. Ref2 f5 31. Rb4 Rd6 32. h4 e5 33. Rb5 Kf6
34. Rf1 Be4 35. Rb4 Bc6 36. Rb6 Ke7 37. Rg1 Kd7 38. Bf7 Kc7 39. Rb3 Rxa2 40.
Kb1 Ra4 41. Bxg6 Rg4 42. Rxg4 fxg4 43. Bxh5 Rd1+ 44. Ka2 Bd5 45. Bxg4 Rd4 46.
Be2 Ra4+ 47. Kb1 Bxb3 48. cxb3 Rxh4 49. Kc2 Kd6 50. Kc3 Kc5 51. Bf1 Rg4 52. Bd3
Rg3 53. b4+ Kd5 54. Kc2 Kd4 55. Be2 Ke3 56. Bc4 e4 0-1

[Event "MCRE_PF19"]
[Site "?"]
[Date "2004.??.??"]
[Round "?"]
[White "Milos, Vladislav"]
[Black "Svrsek, Radomir"]
[Result "0-1"]
[WhiteElo "2148"]
[BlackElo "2194"]
[PlyCount "92"]
[EventDate "2004.??.??"]
[EventType "corr"]
[EventRounds "2"]
[SourceDate "2005.03.12"]

1. e4 e6 2. d4 d5 3. Nc3 Nf6 4. e5 Nfd7 5. f4 c5 6. Nf3 Nc6 7. Be3 c4 8. f5 Be7
9. fxe6 fxe6 10. Be2 O-O 11. O-O b5 12. Qe1 b4 13. Nd1 Nb6 14. Qg3 Rb8 15. b3
a5 16. Nb2 a4 17. bxc4 a3 18. Nd1 Nxc4 19. Bd3 Qe8 20. Bh6 Rf7 21. Qg4 Bd8 22.
Rb1 Bb6 23. Be3 Nxe3 24. Nxe3 Rxf3 25. Rxf3 Bxd4 26. Rbf1 g6 27. Qh4 Bc5 28.
Qf4 Nd4 29. Rh3 Nf5 30. Bxf5 exf5 31. Kh1 Be6 32. Rg3 Kh8 33. Ra1 d4 34. Nf1
Rc8 35. Qh4 Be7 36. Qxd4 Rxc2 37. Ne3 Bc5 38. Qh4 Rxa2 39. Qf6+ Kg8 40. Rxa2
Bxa2 41. Nxf5 Bf8 42. Rd3 Qf7 43. Nd4 Qxf6 44. exf6 Bc4 45. Rd2 a2 46. Nc2 Bd6
0-1

[Event "MCRE_PF19"]
[Site "?"]
[Date "2004.??.??"]
[Round "?"]
[White "Milos, Vladislav"]
[Black "Toman, Antonin"]
[Result "0-1"]
[WhiteElo "2148"]
[BlackElo "2199"]
[PlyCount "112"]
[EventDate "2004.??.??"]
[EventType "corr"]
[EventRounds "2"]
[SourceDate "2005.03.12"]

1. e4 c5 2. Nf3 a6 3. c4 e6 4. Nc3 Qc7 5. Be2 b6 6. O-O Bb7 7. d4 cxd4 8. Qxd4
d6 9. Bf4 Nc6 10. Qd2 Nf6 11. Rfd1 Ne5 12. Nxe5 dxe5 13. Bg3 h6 14. Qc2 Be7 15.
Qa4+ Bc6 16. Qc2 O-O 17. Rd2 Rfc8 18. f3 Bc5+ 19. Kf1 Be8 20. b3 Nh5 21. Bf2
Nf4 22. Bxc5 Qxc5 23. Qb2 h5 24. g3 Nxe2 25. Nxe2 Qe3 26. Kg2 h4 27. gxh4 b5
28. Rc1 Rd8 29. Rcd1 Rxd2 30. Rxd2 f6 31. cxb5 axb5 32. Ng3 b4 33. Re2 Qb6 34.
Qc1 Bb5 35. Rc2 Kh7 36. Qd2 Rd8 37. Qe1 Bd3 38. Qf2 Qd4 39. Rc1 Bb5 40. Nh1 Ra8
41. Rc2 Qa1 42. Rd2 Rc8 43. Ng3 Qc1 44. Rb2 Bd3 45. Qd2 Qa1 46. Kh3 Rd8 47. Qg2
f5 48. Rf2 Qc1 49. Nh5 Qh6 50. Qg5 Qxg5 51. hxg5 Kg6 52. Ng3 Kxg5 53. Kg2 Kf4
54. Rd2 Ke3 55. Rf2 f4 56. Nf1+ Bxf1+ 0-1

[Event "MCRE_PF19"]
[Site "?"]
[Date "2004.??.??"]
[Round "?"]
[White "Strnad, Jiri"]
[Black "Jerabek, Zdenek"]
[Result "0-1"]
[WhiteElo "2228"]
[BlackElo "2221"]
[PlyCount "164"]
[EventDate "2004.??.??"]
[EventType "corr"]
[EventRounds "2"]
[SourceDate "2005.03.12"]

1. d4 Nf6 2. Nf3 e6 3. c4 d5 4. Nc3 Be7 5. Bg5 O-O 6. e3 h6 7. Bh4 c6 8. Bd3
dxc4 9. Bxc4 Nbd7 10. O-O b5 11. Bd3 Bb7 12. a3 a6 13. b4 a5 14. Qb3 c5 15.
Bxf6 gxf6 16. bxc5 Nxc5 17. dxc5 Qxd3 18. Rfd1 a4 19. Qb2 Qf5 20. c6 Bxc6 21.
Nd4 Qc5 22. Rdc1 Bd7 23. Ncxb5 Qh5 24. Nc3 Rab8 25. Qc2 Rfc8 26. Qd3 Rc7 27.
Nce2 Qe5 28. Rd1 f5 29. Qd2 Rbc8 30. Nf4 Qc5 31. Qe1 Bf6 32. Nh5 Bh8 33. f4 Kh7
34. Rd3 Bb5 35. Rdd1 Ba6 36. Ng3 Bb7 37. Qe2 Qe7 38. Nf1 Rg8 39. Ng3 Rc3 40.
Rab1 Rxa3 41. Qb5 Ba8 42. Qe2 Bf6 43. Rbc1 Bh4 44. Kf2 Qf6 45. Qh5 Ra2+ 46.
Nde2 Bd5 47. Rc7 Rg7 48. Rd3 Ra1 49. Rxd5 exd5 50. Nd4 Bxg3+ 51. hxg3 Qg6 52.
Qxf5 a3 53. Ra7 Qxf5 54. Nxf5 Rg8 55. Ra6 Rg6 56. Ra7 Rb6 57. g4 Rb2+ 58. Kg3
a2 59. Rxf7+ Kg8 60. Nxh6+ Kh8 61. Ra7 Rh1 62. Ra8+ Kh7 63. Ng8 a1=Q 64. Rxa1
Rxa1 65. Nf6+ Kg7 66. Nxd5 Rd2 67. Ne7 Kf6 68. Nf5 Rf1 69. Nh4 Re2 70. g5+ Ke6
71. Kg4 Rxe3 72. g3 Rg1 73. Nf5 Ra3 74. Nd4+ Kd5 75. Nf5 Ke4 76. Nd6+ Kd5 77.
Nf5 Ke6 78. Nd4+ Kf7 79. Nf5 Ra5 80. Nh4 Rd1 81. Nf3 Ke6 82. Nh4 Rd3 0-1

[Event "MCRE_PF19"]
[Site "?"]
[Date "2004.??.??"]
[Round "?"]
[White "Strnad, Jiri"]
[Black "Toman, Antonin"]
[Result "0-1"]
[WhiteElo "2228"]
[BlackElo "2199"]
[PlyCount "104"]
[EventDate "2004.??.??"]
[EventType "corr"]
[EventRounds "2"]
[SourceDate "2005.03.12"]

1. d4 d5 2. Nf3 Nf6 3. c4 e6 4. Nc3 c6 5. e3 Nbd7 6. Bd3 dxc4 7. Bxc4 b5 8. Bd3
Bb7 9. e4 b4 10. Na4 c5 11. e5 Nd5 12. Nxc5 Nxc5 13. dxc5 Bxc5 14. O-O Qc7 15.
Bd2 h6 16. Bb5+ Ke7 17. Rc1 Rhc8 18. Bc4 a5 19. Bxd5 Bxd5 20. Be3 Qb6 21. Rxc5
Rxc5 22. Qd3 Bxf3 23. Bxc5+ Qxc5 24. Qxf3 Rd8 25. Qe2 Rd5 26. Re1 Qd4 27. g3 g5
28. Kf1 Kf8 29. h3 Rc5 30. Kg1 a4 31. Kg2 Kg7 32. Kg1 Rc4 33. Qf3 Rc2 34. Qf6+
Kg8 35. Rb1 Qd2 36. Qf3 Qd4 37. Qf6 Qd3 38. Qxh6 Qf5 39. Qf6 Qxf6 40. exf6 Kh7
41. Kg2 Kg6 42. Kf3 Kxf6 43. b3 a3 44. Ra1 Kg6 45. Ke3 f5 46. Kd4 Rxf2 47. Kc5
Rg2 48. Kxb4 Rxg3 49. Rh1 f4 50. Kxa3 f3 51. Kb4 Kf5 52. a4 Kf4 0-1

[Event "MCRE_PF19"]
[Site "?"]
[Date "2004.??.??"]
[Round "?"]
[White "Tkac, Leopold"]
[Black "Jerabek, Zdenek"]
[Result "1/2-1/2"]
[WhiteElo "2112"]
[BlackElo "2221"]
[PlyCount "94"]
[EventDate "2004.??.??"]
[EventType "corr"]
[EventRounds "2"]
[SourceDate "2005.03.12"]

1. d4 Nf6 2. Nc3 d5 3. Nf3 Bf5 4. Bg5 e6 5. e3 Be7 6. Bd3 Bxd3 7. cxd3 c6 8.
O-O O-O 9. e4 h6 10. Bf4 Nbd7 11. Rc1 Re8 12. h3 Nf8 13. Re1 Ng6 14. Bh2 Qb6
15. Qc2 Rad8 16. Rcd1 Rc8 17. Na4 Qd8 18. Qb3 b6 19. Nc3 a5 20. Rc1 b5 21. Ne5
Nxe5 22. dxe5 Nd7 23. d4 Qb6 24. exd5 a4 25. Qd1 cxd5 26. Qd3 Rc4 27. Ne2 Rec8
28. Bf4 Rxc1 29. Rxc1 Rxc1+ 30. Bxc1 Qc6 31. b3 b4 32. Bd2 Nf8 33. g3 Nd7 34.
Kg2 Bf8 35. f4 f5 36. g4 g6 37. h4 axb3 38. axb3 Nb8 39. Kf2 h5 40. gxh5 gxh5
41. Ng3 Be7 42. Nxh5 Bxh4+ 43. Ke3 Kh8 44. Qb1 Qe8 45. Qc1 Qxh5 46. Qc8+ Kg7
47. Qb7+ Kg6 1/2-1/2

[Event "MCRE_PF19"]
[Site "?"]
[Date "2004.??.??"]
[Round "?"]
[White "Tkac, Leopold"]
[Black "Toman, Antonin"]
[Result "1/2-1/2"]
[WhiteElo "2112"]
[BlackElo "2199"]
[PlyCount "120"]
[EventDate "2004.??.??"]
[EventType "corr"]
[EventRounds "2"]
[SourceDate "2005.03.12"]

1. Nf3 Nf6 2. d4 d5 3. c4 e6 4. Nc3 c6 5. e3 Nbd7 6. Bd3 dxc4 7. Bxc4 b5 8. Bd3
Bb7 9. O-O a6 10. e4 c5 11. d5 c4 12. dxe6 fxe6 13. Bc2 Qc7 14. Ng5 Nc5 15. e5
Qxe5 16. Re1 Qd6 17. Be3 Qc6 18. Qf3 Qxf3 19. gxf3 Nfd7 20. Bd4 Be7 21. Nxe6
Nxe6 22. Rxe6 Kf7 23. Rae1 Rae8 24. R6e3 Bf6 25. Bxf6 Nxf6 26. Ne4 Bxe4 27.
fxe4 Rd8 28. Kf1 Nh5 29. Rf3+ Ke7 30. Rd1 Rxd1+ 31. Bxd1 h6 32. h4 Rd8 33. Ke1
g6 34. b3 Rd4 35. Bc2 b4 36. bxc4 Rxc4 37. Kd1 a5 38. Kd2 Rc5 39. Bd1 g5 40.
hxg5 hxg5 41. Rd3 Nf4 42. Rg3 Ke6 43. Bb3+ Kd6 44. Bd1 Ke7 45. Ba4 Kf6 46. Bb3
Re5 47. Ke3 Re7 48. Bc4 Rd7 49. Rg1 Ng6 50. Bb3 Rc7 51. Kd2 Rc8 52. Rg3 Re8 53.
Ke3 Nf4 54. Bc4 Rd8 55. Rg1 Rc8 56. e5+ Kf5 57. Kd4 Rd8+ 58. Kc5 Nd3+ 59. Bxd3+
Rxd3 60. Re1 Ke6 1/2-1/2

[Event "MCRE_PF19"]
[Site "?"]
[Date "2004.??.??"]
[Round "?"]
[White "Toman, Antonin"]
[Black "Jerabek, Zdenek"]
[Result "1/2-1/2"]
[WhiteElo "2219"]
[BlackElo "2221"]
[PlyCount "93"]
[EventDate "2004.??.??"]
[EventType "corr"]
[EventRounds "2"]
[SourceDate "2005.03.12"]

1. e4 c5 2. b3 Nc6 3. Bb2 Nf6 4. e5 Nd5 5. Nf3 e6 6. g3 Be7 7. Bg2 O-O 8. O-O
d6 9. Na3 f6 10. exd6 Bxd6 11. d4 cxd4 12. Nc4 Bc5 13. Nxd4 Nce7 14. Qg4 Qe8
15. Be4 e5 16. Qf3 Nc7 17. Bxb7 Bxb7 18. Qxb7 Rc8 19. Ne2 Ned5 20. Na5 Qh5 21.
Nc3 Nxc3 22. Bxc3 Ne6 23. Qd5 Qf7 24. Nc6 Rfe8 25. b4 Qb7 26. bxc5 Qxc6 27.
Qxc6 Rxc6 28. Bb4 Nxc5 29. Rfd1 Ne4 30. Rac1 Rec8 31. c3 a5 32. Bxa5 Ra8 33.
Rd8+ Rxd8 34. Bxd8 Kf7 35. a4 Ke8 36. Ba5 Ra6 37. Bb4 Rxa4 38. Rc2 Ng5 39. Kg2
Kd7 40. h4 Nf7 41. Rd2+ Kc6 42. f3 g6 43. Kf2 f5 44. Rb2 Ra1 45. Re2 h6 46. Bf8
Rc1 47. Ra2 1/2-1/2

[Event "MCRE_PF19"]
[Site "?"]
[Date "2004.??.??"]
[Round "?"]
[White "Toman, Antonin"]
[Black "Milos, Vladislav"]
[Result "1-0"]
[WhiteElo "2148"]
[BlackElo "2199"]
[PlyCount "95"]
[EventDate "2004.??.??"]
[EventType "corr"]
[EventRounds "2"]
[SourceDate "2005.03.12"]

1. e4 e5 2. Nf3 Nf6 3. Nxe5 d6 4. Nf3 Nxe4 5. d4 d5 6. Bd3 Be7 7. O-O Nc6 8. c4
Nb4 9. Be2 O-O 10. a3 Nc6 11. cxd5 Qxd5 12. Nc3 Nxc3 13. bxc3 Bf5 14. Be3 Na5
15. Re1 Bd6 16. Nd2 Qc6 17. c4 Rfe8 18. Qc1 Qd7 19. Qc3 b6 20. c5 Be7 21. Nf3
Be4 22. Bf4 Bf6 23. Be5 Re6 24. Bxf6 Rxf6 25. Ne5 Qd5 26. f3 Bf5 27. Rad1 Rd8
28. Nc4 Nxc4 29. Bxc4 Qd7 30. Bb3 Rg6 31. Re5 h6 32. Qe3 Rf8 33. c6 Qc8 34. Re7
Be6 35. d5 Bf5 36. d6 cxd6 37. Bxf7+ Rxf7 38. Re8+ Kh7 39. Rxc8 Bxc8 40. Qe8
Rc7 41. Qe4 d5 42. Rxd5 Rcxc6 43. h4 Rce6 44. Qd3 Bb7 45. Rd8 h5 46. Qf5 Ref6
47. Qxh5+ Rh6 48. Qe8 1-0